书目信息

书名: 还珠格格第二部 红尘作伴
作者: 琼瑶,
出版信息: 北京   作家出版社  2024.10
开本页数: 21cm  258页
丛书名: 琼瑶作品大合集
单 册:
中图分类: I2407
科图分类:
主题词: 言情小说--yan qing xiao shuo--中国--当代 , 长篇小说--chang pian xiao shuo--中国--当代
电子资源:
ISBN: 978-7-5212-2818-2
000 01395nam 2200301 450
001 012025000949
005 20241209123120.8
010    @a978-7-5212-2818-2@dCNY39.00
100    @a20241209d2024 em y0chiy50 ea
101 @achi
102    @aCN@b110000
105    @ay z 000ay
106    @ar
200 @a还珠格格@Ahuan zhu ge ge@h第二部@h5@i红尘作伴@f琼瑶著
210    @a北京@c作家出版社@d2024.10
215    @a258页@d21cm
225 @a琼瑶作品大合集@Aqiong yao zuo pin da he ji
306    @a本书版权经由可人娱乐国际有限公司授权作家出版社出版简体中文版
314    @a琼瑶 (1938-2024), 本名陈喆, 作家、编剧、作词人、影视制作人。原籍湖南衡阳, 生于四川成都, 1949年随父母由大陆赴台生活。
330    @a本书要从乾隆二十五年说起, 小燕子、紫薇、永琪和尔康, 并不知道这一年, 是他们几个最最艰辛的一年, 命中注定, 他们要在这一年里, 面对许多风风雨雨, 有个回族的奇女子, 正在一步一步地走近他们, 将影响到他们的整个生命……逃亡途中, 乾隆竟然戏剧化地出现了。所有疑团与误会都消除了, 经历生死的考验, 小燕子和永琪、紫薇和尔康, 终于迎来幸福的婚礼。
410  0 @12001 @a琼瑶作品大合集
517 @a红尘作伴@Ahong chen zuo ban
606 @a言情小说@Ayan qing xiao shuo@y中国@z当代
606 @a长篇小说@Achang pian xiao shuo@y中国@z当代
690    @aI2407@v5
701  0 @a琼瑶,@Aqiong yao@f1938-2024@4著
801  0 @aCN@bCDNYKJZYXY@c20241209
905    @aCDNYKJZYXY@b300733957-59@dI2407@e4528@f3
    
    还珠格格.第二部.5.红尘作伴/琼瑶著.-北京:作家出版社,2024.10
    258页;21cm.-(琼瑶作品大合集)
    
    
    ISBN 978-7-5212-2818-2:CNY39.00
    本书要从乾隆二十五年说起, 小燕子、紫薇、永琪和尔康, 并不知道这一年, 是他们几个最最艰辛的一年, 命中注定, 他们要在这一年里, 面对许多风风雨雨, 有个回族的奇女子, 正在一步一步地走近他们, 将影响到他们的整个生命……逃亡途中, 乾隆竟然戏剧化地出现了。所有疑团与误会都消除了, 经历生死的考验, 小燕子和永琪、紫薇和尔康, 终于迎来幸福的婚礼。
相关链接 在五车中查询图书 在当当中查询图书 在豆瓣中查询图书


正题名:还珠格格     索取号:I2407/4528         预约/预借

序号 登录号 条形码 馆藏地/架位号 状态 备注
1 733957   300733957   流通书库/ [索取号:I2407/4528] 在馆    
2 733958   300733958   柳城-3楼/柳城-3楼27架13列1层/ [索取号:I2407/4528] 在馆    
3 733959   300733959   柳城-3楼/柳城-3楼27架13列1层/ [索取号:I2407/4528] 在馆